Précis de grammaire fonctionnelle de la langue française (Record no. 13108)

MARC details
000 -LEADER
fixed length control field 00684nam a2200205 4500
008 - FIXED-LENGTH DATA ELEMENTS--GENERAL INFORMATION
fixed length control field b xx# fre u
010 ## - LIBRARY OF CONGRESS CONTROL NUMBER
LC control number 17742
040 ## - CATALOGING SOURCE
Original cataloging agency LB-BrCRDP
082 ## - DEWEY DECIMAL CLASSIFICATION NUMBER
Classification number 445/G161p
100 1# - MAIN ENTRY--PERSONAL NAME
Personal name Galizot, Roger
130 1# - MAIN ENTRY--UNIFORM TITLE
Language of a work FR
245 10 - TITLE STATEMENT
Title Précis de grammaire fonctionnelle de la langue française
Remainder of title avec commentaire pédagogique à l'usage des instituteurs et des professeurs
Statement of responsibility, etc. Roger Galizot, Jean-Pierre Dumas, Bernard Capet
260 ## - PUBLICATION, DISTRIBUTION, ETC.
Place of publication, distribution, etc. Paris
Name of publisher, distributor, etc. Fernand Nathan
Date of publication, distribution, etc. 1969
300 ## - PHYSICAL DESCRIPTION
Extent 159p. ;
Dimensions 24cm
650 ## - SUBJECT ADDED ENTRY--TOPICAL TERM
Topical term or geographic name entry element Français (Langue)
General subdivision Grammaire
700 10 - ADDED ENTRY--PERSONAL NAME
Personal name Dumas, Jean-Pierre
700 10 - ADDED ENTRY--PERSONAL NAME
Personal name Capet, Bernard
942 ## - ADDED ENTRY ELEMENTS (KOHA)
Koha item type Books
Holdings
Withdrawn status Lost status Source of classification or shelving scheme Damaged status Not for loan Home library Current library Shelving location Date acquired Total Checkouts Full call number Barcode Date last seen Copy number Price effective from Koha item type
    Dewey Decimal Classification     مكتبة المطبعة - سن الفيل مكتبة المطبعة - سن الفيل Salle de Lecture 07/27/2016   445 G161p CRF011611 07/27/2016 1 07/27/2016 Books